000 00406 a2200169 4500
001 189033
020 _a978-85-260-1532-6
040 _cMagnum
100 _aBelinky, Tatiana
240 1 0 _aLíngua de criança: limeriques às soltas
_lpor
245 1 0 _aLíngua de criança: limeriques às soltas
300 _a24
362 0 _a2011
440 1 _aGlobal
697 _aLITERATURA INFANTO
942 _cBK
999 _c189033
_d189033